MARC

LEADER 00000nam0a2200000 4500
001 45271
005 20231101210936.0
010 |a 5926500486 
035 |a (RuTPU)RU\TPU\book\47052 
090 |a 45271 
100 |a 20021206d2002 m y0rusy50 ca 
101 0 |a rus 
102 |a RU 
105 |a y z 000zy 
200 1 |a Журналистика и разведка  |f Б. И. Чехонин 
210 |a Москва  |c Алгоритм  |d 2002 
215 |a 352 с. 
606 1 |a Журналистика  |x Организация труда  |2 stltpush  |3 (RuTPU)RU\TPU\subj\11138  |9 38116 
610 1 |a международная журналистика 
610 1 |a Россия 
610 1 |a СССР 
610 1 |a 20 век 
610 1 |a история 
610 1 |a КГБ 
610 1 |a диссиденты 
610 1 |a дипломатия 
610 1 |a разведка 
686 |a Ч612.18  |v LBC/SL-A  |2 rubbk 
686 |a Ф4(2)  |v LBC/SL-A  |2 rubbk 
700 1 |a Чехонин  |b Б. И.  |g Борис И. 
801 1 |a RU  |b 63413507  |c 20021206  |g PSBO 
801 2 |a RU  |b 63413507  |c 20130730  |g PSBO 
900 |a Теория и практика массовой информации 
942 |c BK